000 00463nam a2200181Ia 4500
001 9180
005 20260306160704.0
008 260306t1972||||xx |||||||||||||| ||spa||
041 _aESP
082 _a375
_bM61D
110 _aMinisterio de Educación. Centro Superior de Perfeccionamiento Magisterial
245 0 _aDocumentos de trabajo
260 _c1972
300 _a45 páginas :
_c21 cm.
650 _aGEN
654 _aCED
942 _cLIB
_dJUS
_fJUS
_2ddc
_n
999 _c9180
_d9180